Catálogo público

Control biológico de las plagas de insectos y malas hierbas / (Record no. 205896)

MARC details
000 -CABECERA
campo de control de longitud fija 00737nam a2200265Ia 4500
001 - NÚMERO DE CONTROL
campo de control Para_7073
003 - IDENTIFICADOR DEL NÚMERO DE CONTROL
campo de control CHAP
008 - DATOS DE LONGITUD FIJA--INFORMACIÓN GENERAL
campo de control de longitud fija 220125s1985 xx 000 0 und d
010 ## - NÚMERO DE CONTROL DE LA BIBLIOTECA DEL CONGRESO
Número de control de LC 205896
040 ## - FUENTE DE LA CATALOGACIÓN
Centro/agencia transcriptor CHAP
082 ## - NÚMERO DE LA CLASIFICACIÓN DECIMAL DEWEY
Número de clasificación PA 632.96 D4y
100 ## - ENTRADA PRINCIPAL--NOMBRE DE PERSONA
Nombre de persona Debach, Paul
9 (RLIN) 31455
245 ## - MENCIÓN DE TÍTULO
Título Control biológico de las plagas de insectos y malas hierbas /
Mención de responsabilidad, etc. por Paul Debach
260 ## - PUBLICACIÓN, DISTRIBUCIÓN, ETC.
Lugar de publicación, distribución, etc. México, D.F. :
Nombre del editor, distribuidor, etc. CECSA
300 ## - DESCRIPCIÓN FÍSICA
Extensión 949 p.
650 ## - PUNTO DE ACCESO ADICIONAL DE MATERIA--TÉRMINO DE MATERIA
Término de materia o nombre geográfico como elemento de entrada Control biológico de malas hierbas
9 (RLIN) 27584
650 ## - PUNTO DE ACCESO ADICIONAL DE MATERIA--TÉRMINO DE MATERIA
Término de materia o nombre geográfico como elemento de entrada Control biológico de plagas
9 (RLIN) 27587
901 ## - ELEMENTOS DE DATOS A LOCAL LDA (RLIN)
a PA 632.96 D4Y
902 ## - ELEMENTOS DE DATOS B LOCAL, LDB (RLIN)
a A
905 ## - ELEMENTOS DE DATOS E LOCAL, LDE (RLIN)
a 0000001985 a 0000000000 00
910 ## - DATOS DE OPCIÓN DEL USUARIO (OCLC)
Datos de opción del usuario 1985
942 ## - ELEMENTOS DE PUNTO DE ACCESO ADICIONAL (KOHA)
Tipo de ítem Koha Parasitologia_
942 ## - ELEMENTOS DE PUNTO DE ACCESO ADICIONAL (KOHA)
Tipo de ítem Koha Parasitologia_
-- 1
Holdings
Estado de retiro Estado de pérdida Fuente del sistema de clasificación o colocación Estado dañado No para préstamo Código de colección Localización permanente Ubicación/localización actual Fecha de adquisición Número de inventario Total de préstamos Signatura topográfica completa Código de barras Fecha visto por última vez Número de copia Precio válido a partir de Tipo de ítem Koha Nota pública
    Dewey Decimal Classification     General Parasitologia Agricola Parasitologia Agricola 27/10/2005 (PA_5700) (No. UACh C/E)   PA 632.96 D4y 4102003049 25/01/2022 Ej.5 25/01/2022 Libro 3
    Dewey Decimal Classification     General Parasitologia Agricola Parasitologia Agricola 27/10/2005 (PA_8236) (No. UACh 118238)   PA 632.96 D4y 4102003045 25/01/2022 Ej.1 25/01/2022 Libro 3
    Dewey Decimal Classification     General Parasitologia Agricola Parasitologia Agricola 27/10/2005 (PA_8237) (No. UACh 043400)   PA 632.96 D4y 4102003046 25/01/2022 Ej.2 25/01/2022 Libro 3
    Dewey Decimal Classification     General Parasitologia Agricola Parasitologia Agricola 27/10/2005 (PA_8238) (No. UACh 118240)   PA 632.96 D4y 4102003047 25/01/2022 Ej.3 25/01/2022 Libro 3
    Dewey Decimal Classification     General Parasitologia Agricola Parasitologia Agricola 27/10/2005 (PA_8239) (No. UACh 118239)   PA 632.96 D4y 4102003048 25/01/2022 Ej.4 25/01/2022 Libro 3